Misterios de la Biblia: Los años perdidos de Jesús. (Mysteries of The Bible: The lost years of Jesus) (Record no. 1821)
[ view plain ]
| 000 -LEADER | |
|---|---|
| campo de control de longitud fija | 00347nam a2200109Ia 4500 |
| 005 - FECHA Y HORA DE LA ÚLTIMA TRANSACCIÓN | |
| campo de control | 20251222114406.0 |
| 008 - DATOS DE LONGITUD FIJA--INFORMACIÓN GENERAL | |
| campo de control de longitud fija | 251222s1900||||xx |||||||||||||| ||spa|| |
| 082 ## - NÚMERO DE LA CLASIFICACIÓN DECIMAL DEWEY | |
| Número de clasificación | DVD0092 L65/1997 |
| 245 #0 - MENCIÓN DEL TÍTULO | |
| Título | Misterios de la Biblia: Los años perdidos de Jesús. (Mysteries of The Bible: The lost years of Jesus) |
| 264 ## - PRODUCCIÓN, PUBLICACIÓN, DISTRIBUCIÓN, FABRICACIÓN Y COPYRIGHT | |
| Nombre del de productor, editor, distribuidor, fabricante | Roos Bram y A E Mundo. |
| 942 ## - ELEMENTOS DE ENTRADA SECUNDARIOS (KOHA) | |
| Tipo de ítem Koha | Material audiovisual |
| Estatus retirado | Estado de pérdida | Estado de daño | No para préstamo | Biblioteca de origen | Biblioteca actual | Ubicación en estantería | Fecha de adquisición | Total de préstamos | Signatura topográfica completa | Código de barras | Visto por última vez | Precio de reemplazo | Tipo de ítem Koha |
|---|---|---|---|---|---|---|---|---|---|---|---|---|---|
| Biblioteca Central | Biblioteca Central | Programa | 22/12/2025 | DVD0092 L65/1997 | 0029342 | 22/12/2025 | 22/12/2025 | Material audiovisual |
